Niektoré aspekty vzdelávania v elektronickej verejnej správe

Oblasti pôsobenia informačných technológií v spoločnosti. Vzdelávanie a strategické ciele informatizácie vo verejnej správe. Analýza vybraných problémov vzdelávania vo verejnej správe. Vzdelávanie a spoločenská zodpovednosť podnikov (CSR).

Salvato in:
Dettagli Bibliografici
Autore principale: Brixová, Janette
Altri autori: Grell, Michal
Natura: Capitolo di libro
Lingua:slovacco
Soggetti:
Tags: Aggiungi Tag
Nessun Tag, puoi essere il primo ad aggiungerne!!

MARC

LEADER 00000naa$a2200000$$$4500
001 0115199
005 20240502072303.0
041 0 |a slo 
044 |a SK 
245 1 0 |a Niektoré aspekty vzdelávania v elektronickej verejnej správe  |c Janette Brixová, Michal Grell 
520 |a Oblasti pôsobenia informačných technológií v spoločnosti. Vzdelávanie a strategické ciele informatizácie vo verejnej správe. Analýza vybraných problémov vzdelávania vo verejnej správe. Vzdelávanie a spoločenská zodpovednosť podnikov (CSR). 
610 2 0 |a vzdelávanie 
610 2 0 |a technológie informačné 
610 2 0 |a informatizácia 
610 2 0 |a správa verejná 
610 2 0 |a zodpovednosť spoločenská 
100 1 |a Brixová, Janette 
700 1 |a Grell, Michal